Lun yu hui jian /

Saved in:
நூற்பட்டியல் விவரங்கள்
தலைமை எழுத்தாளர்: Xu, Chengyu, 1902-1980.
மற்ற எழுத்தாளர்கள்: Confucius.
வடிவம்: புத்தகம்
மொழி:Chinese
வெளியீடப்பட்டது: Shanghai : Zheng zhong shu ju, 1948.
பதிப்பு:Xiu ding chu ban.
பகுதிகள்:
குறியீடுகள்: குறிச்சொல் இணை
குறியீடுகள் இல்லை, இந்த குறிச்சொல்லை முதலில் பதிவு செய்யுங்கள்!
LEADER 00909cam a2200265ua 4500
001 007725599-2
005 20024617105648.0
008 920522s1948 cc 000 0 chi d
035 0 |a ocm25863818 
040 |a *BNJ*  |c *BNJ*  |d *YNH*  |d CStRLIN 
100 1 |6 880-01  |a Xu, Chengyu,  |d 1902-1980. 
245 1 0 |6 880-02  |a Lun yu hui jian /  |c Xu Ying [Chengyu] bian zhu. 
250 |6 880-03  |a Xiu ding chu ban. 
260 |6 880-04  |a Shanghai :  |b Zheng zhong shu ju,  |c 1948. 
300 |a [40], 292 p. ;  |c 21 cm. 
600 0 0 |6 880-05  |a Confucius.  |t Lun yu. 
700 0 2 |6 880-06  |a Confucius.  |t Lun yu.  |f 1948. 
880 1 |6 100-01  |a 徐澄宇,  |d 1902-1980. 
880 1 0 |6 245-02  |a 論語會箋 /  |c 徐英 [澄宇] 編著. 
880 |6 250-03  |a 修訂初版. 
880 |6 260-04  |a 上海 :  |b 正中書局,  |c 1948. 
880 0 0 |6 600-05  |a Confucius.  |t 論語. 
880 0 2 |6 700-06  |a Confucius.  |t 論語.  |f 1948. 
988 |a 20021103 
906 |0 OCLC